<?xml version="1.0" encoding="UTF-8"?>
<record
    xmlns:xsi="http://www.w3.org/2001/XMLSchema-instance"
    xsi:schemaLocation="http://www.loc.gov/MARC21/slim http://www.loc.gov/standards/marcxml/schema/MARC21slim.xsd"
    xmlns="http://www.loc.gov/MARC21/slim">

  <leader>01245nab a2200325 uc4500</leader>
  <controlfield tag="001">845709</controlfield>
  <controlfield tag="005">20251126100815.0</controlfield>
  <controlfield tag="008">030919s2003                        spa  </controlfield>
  <datafield tag="035" ind1=" " ind2=" ">
    <subfield code="a">845709</subfield>
  </datafield>
  <datafield tag="035" ind1=" " ind2=" ">
    <subfield code="a">(OCoLC)820077064</subfield>
  </datafield>
  <datafield tag="040" ind1=" " ind2=" ">
    <subfield code="c">comduadb</subfield>
  </datafield>
  <datafield tag="041" ind1=" " ind2=" ">
    <subfield code="a">spa</subfield>
  </datafield>
  <datafield tag="100" ind1=" " ind2="0">
    <subfield code="a">Garay Salamanca, Luis Jorge,</subfield>
    <subfield code="d">1952-</subfield>
    <subfield code="4">aut</subfield>
    <subfield code="0">(isni)0000000081033234</subfield>
    <subfield code="0">(viaf)24684505</subfield>
    <subfield code="e">aut</subfield>
    <subfield code="9">474531</subfield>
  </datafield>
  <datafield tag="245" ind1="1" ind2="0">
    <subfield code="a">Crisis, exclusion social y democratizacion en Colombia</subfield>
  </datafield>
  <datafield tag="650" ind1=" " ind2="7">
    <subfield code="a">Exclusi&#xF3;n social</subfield>
    <subfield code="2"></subfield>
    <subfield code="9">78233</subfield>
  </datafield>
  <datafield tag="650" ind1=" " ind2="7">
    <subfield code="a">Democratizaci&#xF3;n</subfield>
    <subfield code="2">lemb</subfield>
    <subfield code="9">39234</subfield>
  </datafield>
  <datafield tag="650" ind1=" " ind2="7">
    <subfield code="a">Democracia</subfield>
    <subfield code="z">Colombia</subfield>
    <subfield code="2">lemb</subfield>
    <subfield code="9">214</subfield>
  </datafield>
  <datafield tag="650" ind1=" " ind2="7">
    <subfield code="a">Problemas sociales</subfield>
    <subfield code="z">Colombia</subfield>
    <subfield code="2">lemb</subfield>
    <subfield code="9">7320</subfield>
  </datafield>
  <datafield tag="650" ind1=" " ind2="7">
    <subfield code="a">Estado</subfield>
    <subfield code="z">Colombia</subfield>
    <subfield code="2">lemb</subfield>
    <subfield code="9">58302</subfield>
  </datafield>
  <datafield tag="650" ind1=" " ind2=" ">
    <subfield code="a">Convivencia ciudadana - Medell&#xED;n (Antioquia)</subfield>
    <subfield code="9">68361</subfield>
  </datafield>
  <datafield tag="650" ind1=" " ind2=" ">
    <subfield code="a">Ilegalidad - Colombia</subfield>
    <subfield code="9">3225</subfield>
  </datafield>
  <datafield tag="650" ind1=" " ind2=" ">
    <subfield code="a">Derechos sociales</subfield>
    <subfield code="9">62534</subfield>
  </datafield>
  <datafield tag="650" ind1=" " ind2="7">
    <subfield code="a">Cambio social</subfield>
    <subfield code="z">Colombia</subfield>
    <subfield code="2">lemb</subfield>
    <subfield code="9">177157</subfield>
  </datafield>
  <datafield tag="650" ind1=" " ind2="7">
    <subfield code="a">Crecimiento econ&#xF3;mico</subfield>
    <subfield code="z">Colombia</subfield>
    <subfield code="2">lemb</subfield>
    <subfield code="9">483</subfield>
  </datafield>
  <datafield tag="650" ind1=" " ind2=" ">
    <subfield code="a">Pol&#xED;tica de seguridad democr&#xE1;tica - Colombia</subfield>
    <subfield code="9">165653</subfield>
  </datafield>
  <datafield tag="650" ind1=" " ind2="7">
    <subfield code="a">Hacienda p&#xFA;blica</subfield>
    <subfield code="z">Colombia</subfield>
    <subfield code="2">lemb</subfield>
    <subfield code="9">43781</subfield>
  </datafield>
  <datafield tag="650" ind1=" " ind2="7">
    <subfield code="a">Estado social</subfield>
    <subfield code="2">embne</subfield>
    <subfield code="9">73894</subfield>
  </datafield>
  <datafield tag="773" ind1="0" ind2=" ">
    <subfield code="t">Debates (Medell&#xED;n)</subfield>
    <subfield code="g">N&#xFA;mero 35, Abril-Agosto 2003, p. 16-33</subfield>
    <subfield code="w">628405</subfield>
    <subfield code="z">1657429X</subfield>
    <subfield code="0">162056</subfield>
  </datafield>
  <datafield tag="942" ind1=" " ind2=" ">
    <subfield code="c">ARIMP</subfield>
  </datafield>
  <datafield tag="999" ind1=" " ind2=" ">
    <subfield code="c">297664</subfield>
    <subfield code="d">297664</subfield>
  </datafield>
</record>
